Ingannevole è il cuore più di ogni cosa /

Đã lưu trong:
Chi tiết về thư mục
Tác giả chính: Morgan, (1972- ) (Nhà soạn nhạc)
Tác giả khác: Manson, Marilyn (Diễn viên), Ryder, Winona (Diễn viên), Fonda, Peter (Diễn viên), Argento, Asia (Giám đốc), LeRoy, J. T., Pitt, Michael (Diễn viên), Magania, Alessandro (Người viết kịch bản), Edwards, Eric Alan (Nhiếp ảnh gia)
Định dạng: Slide
Ngôn ngữ:Tiếng Italy
Được phát hành: [Italia! : Columbia Tristar home entertainment (distributore), [2005]
Các nhãn: Thêm thẻ
Không có thẻ, Là người đầu tiên thẻ bản ghi này!

MARC

LEADER 00000ngm a22000007i 4500
001 IT\ICCU\RAV\1348130
003 ItRI
005 20260124182820.0
008 050715s2005 it |||||||||||||||k|||||c
024 3 1 |a 8032706210478 
028 4 2 |a DM15020 
040 |b ita 
041 7 |a ita  |2 ISO-639-2 
082 |a 791.43  |9 CINEMA  |2 19 
130 4 |a The Heart is deceitful above all Things <film ; 2004>  |3 IT\ICCU\RAV\1348150 
245 0 0 |a Ingannevole è il cuore più di ogni cosa /  |c un film di Asia Argento ; sceneggiatura: Asia Argento e Alessandro Magania ; direttore della fotografia Eric Alan Edwards ; musica di Morgan ; tratto dal romanzo omonimo di J. T. Leroy. 
260 |a [Italia! :  |b Columbia Tristar home entertainment (distributore),  |c [2005] 
300 |a 1 DVD video (94 min.): color., sonoro , in contenitore 19 cm 
500 |a Codice area: 2; sistema e formato video: PAL, 1.85:1, 4/3; audio: stereo 
500 |a Tit. del contenitore 
500 |a Film del 2004, produzione Italia/stati Uniti 
500 |a Interpreti: Asia Argento, Peter Fonda, Winona Ryder, Michael Pitt, Marylin Manson 
500 |a Data del catalogo editoriale 
500 |a Lingue: italiano 
500 |a Vietato ai minori di 14 anni. 
700 1 |a Manson, Marilyn  |0 IT\ICCU\LO1V\171290  |4 act 
700 0 |a Morgan,  |d  (1972- )  |0 IT\ICCU\MILV\237168  |4 cmp 
700 1 |a Ryder, Winona  |0 IT\ICCU\RAVV\088870  |4 act 
700 1 |a Fonda, Peter  |0 IT\ICCU\RAVV\090243  |4 act 
700 1 |a Argento, Asia  |0 IT\ICCU\RAVV\095963  |4 drt 
700 1 |a LeRoy, J. T.  |0 IT\ICCU\RAVV\245539 
700 1 |a Pitt, Michael  |0 IT\ICCU\RAVV\347525  |4 act 
700 1 |a Magania, Alessandro  |0 IT\ICCU\RAVV\432786  |4 sce 
700 1 |a Edwards, Eric Alan  |0 IT\ICCU\UBOV\004321  |4 pht 
790 1 |a Castoldi, Marco,  |d  (1972-)  |3 IT\ICCU\MILV\237169  |z Morgan (1972- ) 
790 1 |a Fonda, Peter Henry  |3 IT\ICCU\SBNV\061326  |z Fonda, Peter 
790 1 |a Albert, Laura Victoria  |3 IT\ICCU\PALV\055422  |z LeRoy, J. T. 
942 |2 ddc  |c VM  |n 0 
952 |0 0  |1 0  |4 0  |6 VO_1357_000000000000000  |7 0  |9 26809  |a BO  |b BO  |d 2026-01-24  |i 10647  |l 0  |o VO 1357  |p BO10647  |r 2026-01-24 18:28:20  |w 2026-01-24  |x [Sebina 5] [1 dvd]  |y VM  |z 1 dvd 
999 |c 22676  |d 22676